Conservas alimenticias... / (Record no. 31779)

MARC details
000 -LEADER
campo de control de longitud fija 00588nam a2200181 i 4500
001 - NÚMERO DE CONTROL
campo de control 31779
003 - IDENTIFICADOR DE NÚMERO DE CONTROL
campo de control ES-MaACL
005 - FECHA Y HORA DE LA ÚLTIMA TRANSACCIÓN
campo de control 20230906154436.0
007 - CAMPO FIJO DE DESCRIPCIÓN FÍSICA--INFORMACIÓN GENERAL
campo de control de longitud fija t|
008 - DATOS DE LONGITUD FIJA--INFORMACIÓN GENERAL
campo de control de longitud fija 030130s1959 sp ||||1| spa d
100 1# - ENTRADA PRINCIPAL--NOMBRE DE PERSONA
Nombre de persona Baumgartner, J. G.
9 (RLIN) 26599
245 10 - MENCIÓN DEL TÍTULO
Título Conservas alimenticias... /
Mención de responsabilidad, etc. J.G. Baumgartner y A.C. Hersom ; versión... por Bernabé Sanz Pérez.
260 ## - PUBLICACIÓN, DISTRIBUCIÓN, ETC.
Lugar de publicación, distribución, etc. Zaragoza :
Nombre del editor, distribuidor, etc. Acribia,
Fecha de publicación, distribución, etc. 1959 (
Fabricante Tall. Lib. General)
300 ## - DESCRIPCIÓN FÍSICA
Extensión 301 p. :
Otras características físicas il. ;
Dimensiones 21 cm.
700 1# - ENTRADA AGREGADA--NOMBRE PERSONAL
Nombre de persona Hersom, A. C.
9 (RLIN) 63395
700 1# - ENTRADA AGREGADA--NOMBRE PERSONAL
Nombre de persona Sanz Pérez, Bernabé.
9 (RLIN) 103675
852 ## - LOCALIZACIÓN
Ubicación ES-MaACL
Número de control de estantería C-16264
Sublocalización o colección R.44622
Holdings
Estatus retirado Estado de pérdida Estado de daño No para préstamo Biblioteca de origen Biblioteca actual Ubicación en estantería Fecha de adquisición Fuente de adquisición Total de préstamos Signatura topográfica completa Código de barras Visto por última vez Precio de reemplazo Tipo de ítem Koha
        Biblioteca del Ateneo de Madrid Biblioteca del Ateneo de Madrid Galería 17/01/2008     C-16264 1032856 23/02/2023 23/02/2023 Libro impreso